000 00638nam a2200205 a 4500
003 DO-SdBNP
005 20220530084837.0
007 ta
008 220527e1993 dr a|||gr|||| 001 0dfre d
040 _aDO-SdBNP
_bspa
_cBNPHU
082 4 _222
_bL466m
245 _aMétodo Leconte de francés fácil:
_bNo. 1 /
_cJean Louis Leconte
260 _aSanto Domingo :
_bLibreros Dominicanos Unidos,
_c1993
300 _a380 p. :
_bil., ;
_c21 cm.
500 _aIncluye datos biográficos del autor en la contracubierta.
590 _aInventariado 2022 / MF
650 4 _974456
_aFrancés
_xLibro de Texto
910 _aMFeliz
942 _2ddc
_cLBS1
999 _c51833
_d51833